English for Economics: учебное пособие

Bibliographic Details
Main Author: Розанова Н. М. Надежда Михайловна
Summary:Учебное пособие предлагает оригинальную методику обучения специальному языку — английскому языку профессиональных экономистов и финансистов. Микро- и макроэкономика, математика и латинские термины, особенности экономической грамматики, специфика современных инновационных направлений в английском языке — таков круг вопросов, рассматриваемых в книге. Разнообразные задания, профессиональные экономические тексты, сочетание лингвистических и аналитических заданий в области экономики, бизнеса и финансов делают пособие уникальным методическим материалом, который будут с удовольствием использовать как преподаватели английского языка, так и студенты экономических специальностей и слушатели бизнес-школ, в том числе по программе МВА, а также все заинтересованные читатели.
Language:Russian
English
Published: Москва, ЮНИТИ-ДАНА, 2009
Subjects:
Format: Book
KOHA link:https://koha.lib.tpu.ru/cgi-bin/koha/opac-detail.pl?biblionumber=160631

MARC

LEADER 00000nam0a2200000 4500
001 160631
005 20231101222212.0
010 |a 9785238016375  |b (в пер.)  |b 10000 экз. 
021 |a RU  |b 09-25817  |9 09-1534 
035 |a (RuTPU)RU\TPU\book\174202 
090 |a 160631 
100 |a 20090427d2009 m y0rusy5002 ca 
101 0 |a rus  |a eng 
102 |a RU 
105 |a a j 000zy 
200 1 |a English for Economics  |e учебное пособие  |f Н. М. Розанова 
210 |a Москва  |c ЮНИТИ-ДАНА  |d 2009 
215 |a 504 с.  |c ил. 
330 |a Учебное пособие предлагает оригинальную методику обучения специальному языку — английскому языку профессиональных экономистов и финансистов. Микро- и макроэкономика, математика и латинские термины, особенности экономической грамматики, специфика современных инновационных направлений в английском языке — таков круг вопросов, рассматриваемых в книге. Разнообразные задания, профессиональные экономические тексты, сочетание лингвистических и аналитических заданий в области экономики, бизнеса и финансов делают пособие уникальным методическим материалом, который будут с удовольствием использовать как преподаватели английского языка, так и студенты экономических специальностей и слушатели бизнес-школ, в том числе по программе МВА, а также все заинтересованные читатели. 
606 |a Английский язык  |x Учебные руководства и пособия  |x Учебные руководства и пособия для высшей школы  |2 stltpush  |3 (RuTPU)RU\TPU\subj\29071  |9 52483 
610 1 |a лексика 
610 1 |a чтение 
610 1 |a переводы 
610 1 |a экономика 
610 1 |a микроэкономика 
610 1 |a макроэкономика 
610 1 |a финансы 
610 1 |a профессиональный английский язык 
686 |a Ш143.21-923  |v LBC/SL-A  |2 rubbk 
700 1 |a Розанова  |b Н. М.  |g Надежда Михайловна  |4 070 
801 1 |a RU  |b 63413507  |c 20090526  |g PSBO 
801 2 |a RU  |b 63413507  |c 20140303  |g RCR 
942 |c BK 
959 |a 60/20090526  |d 1  |e 400,00  |f ЧЗИЛ:1